|
|
|
|
| LEADER |
00748nam a22002051a 4500 |
| 020 |
|
|
|a 9788125038658
|c 0.00
|
| 040 |
|
|
|a SSUS - Library - Kalady
|
| 082 |
|
|
|a 791.430 954 83
|b MEE/W
|
| 100 |
|
|
|a Meena T Pillai
|
| 245 |
|
|
|a Women in malayalam cinema: naturalising gender hierarchies
|h [Text]
|
| 260 |
|
|
|a Hyderabad
|b Orient Blackswan
|c 2010
|
| 300 |
|
|
|a 242p.
|
| 600 |
|
|
|a Arts
|
| 600 |
|
|
|a Cinema Women kerala
|
| 600 |
|
|
|a Motion Pictures Malayalam
|
| 600 |
|
|
|a Women Cinema Malayalam
|
| 852 |
|
|
|h 791.430 954 83
|i MEE/W
|p 063026
|9 595.00
|t 0
|
| 942 |
|
|
|c BK
|
| 999 |
|
|
|c 51083
|d 51083
|
| 952 |
|
|
|0 0
|1 0
|4 0
|6 791_430000000000000_954_83_MEE_W
|7 0
|9 74407
|a SSUS
|b SSUS
|d 2015-01-08
|g 595.00
|l 6
|o 791.430 954 83 MEE/W
|p 063026
|r 2019-05-02
|s 2019-03-27
|v 0.00
|w 2015-01-08
|y BK
|